00386pab a2200133 454500008004000000100002000040245006600060260000900126300001400135362001000149650003200159650002700191773003400218180718b2007 xxu||||| |||| 00| 0 eng d aPani, Pranab K. aMadhya Pradesh's industrial sector: structure and performance c2007 ap.369-76. a3 Feb aMadhya Pradesh - Industries aIndustrial development aEconomic and Political Weekly